000 00886cam a22002651 4500
001 pa 61000044
003 DLC
005 20260227111855.0
008 731130s1961 dcu b 000 0 spa c
010 _apa 61000044
035 _a(OCoLC)752591
040 _aPan American Union. Library
_cMMeT
_dOCoLC
_dDLC
042 _apremarc
050 0 0 _aF2319
_b.C718
100 1 _aCruxent, José María.
245 1 0 _aArqueología cronológica de Venezuela,
_cpor J.M. Cruxent e Irving Rouse.
260 _aWashington,
_bUnión Panamericana,
_c1961.
300 _a2 v.
_c25 cm.
490 1 _aEstudios monográficos,
_v6
500 _aIssued also in English.
504 _aBibliography: v. 1, p. 309-320.
651 0 _aVenezuela
_xAntiquities.
700 1 _aRouse, Irving,
_d1913-2006
_ejoint author.
810 2 _aPan American Union.
_bSocial Science Section.
_tEstudios monográficos ;
_v6.
999 _c51471
_d51471